000 00716nam a22002177a 4500
999 _c1301
_d1301
003 AR-CdUCM
008 190226b ||||| |||| 00| 0 spa d
040 _aMUNICIPALIDAD PROVINCIAL DEL CUSCO
_cBIBLIOTECA MUNICIPAL DEL CUSCO
082 _a869.56 /
_bD31
100 _aDavila Franco, Rafael
_95019
245 _aTransito :
_bZona Lirica /
_cDavila Franco, Rafael
260 _aLima :
_bEl de al lado,
_c1988.
300 _a102 paginas ;
_bil,
_c15cm.
505 _aAngeles -- Poemas de Amor -- Cuatro Estaciones -- Poemas cortos -- Final
650 _aPoemas
_9315
650 _aLiteratura
_983
650 _aPeru
_9429
700 _aRuis Rosas, Dalmacia
_95020
942 _2ddc
_cLIBROS
945 _apjha
_d2019-02-26